000 003060000a22000970004500
100 1 _aBraun, Willys
245 1 0 _aGoing global : How LAM and this Magazine made waves across the Atlantic
300 _aVol. 73, Num 3 (Julio-Septiembre, 1993), Páginas 10-11
773 0 _tLatin America Evangelist
942 _cANA
999 _c54734
_d54734